• 首页
  • 本馆介绍
  • 公告通知
  • 最新文献
  • 馆藏检索
  • 电子资源
  • 读者导购
  • 参考咨询
  • 我的图书馆
  • 登录
  • 详细信息显示
  • 放入我的书架
  • 预约/预借图书
  • 作者相关作品
  • 分类相关作品
  • 丛书相关作品
  • 出版社相关作品

书目信息

  • 表格格式
  • 工作单格式
  • 卡片格式
题名:
许姬传七十年见闻录
    
 
作者: 许姬传 著
分册:  
出版信息: 北京   中华书局  1985
页数: 335页
开本: 19cm
丛书名:
单 册:
中图分类: K256.5
科图分类:
主题词: 中国--历史--1840~1949
电子资源:
ISBN:
000 00649nam0 2200241 45
001 0185004964
005 20040506101302.9
010    @dCNY2.25
091    @a11987319
100    @a19901106d1985 emky0chiy0121 ea
101 0  @achi
102    @aCN@b110000
105    @ay z 000zd
106    @ar
200 10 @a许姬传七十年见闻录@Axu ji chuan qi shi nian jian wen lu@f许姬传著
210    @a北京@c中华书局@d1985
215    @a335页@d19cm
606 0  @a中国@x历史@z1840~1949
690    @aK256.5
701  0 @a许姬传@Axu ji chuan@4著
801  0 @aCN@b深圳图书馆@c20040506
801  2 @aCN@bNLC@c20040506
905    @f2@b216421-422@dK256.5@e22
    
    许姬传七十年见闻录/许姬传著.-北京:中华书局,1985
    335页;19cm
    
    
    ISBN :CNY2.25
    
●
相关链接 在E读中查询图书 在五车中查询图书 在当当中查询图书 在豆瓣中查询图书


正题名:许姬传七十年见闻录     索取号:K256.5/22         预约/预借

序号 登录号 条形码 馆藏地/架位号 状态 备注
1 0216421   001292327   第二借阅区/ [索取号:K256.5/22] 在馆    
2 0216422   001292256   第二借阅区/ [索取号:K256.5/22] 在馆    
3 0216423   001292265   第二样本阅览室/ [索取号:K256.5/22] 在馆    
唐山师范学院图书馆 欢迎您!
大连网信软件有限公司© 版权所有